Southville International School and Colleges
Your cart is empty.
  • Cart
  • Lists
    Public lists Eva Luna New books Lux_list list_1
    Your lists Log in to create your own lists
  • Log in to your account
  • Your cookies
  • Search history
Southville International School and Colleges
  • Advanced search
  • Recent comments
  • Most popular
  • Libraries

Log in to your account

Log in with GOOGLE


If you do not have an external account, but do have a local account, you can still log in:

  1. Home
  2. MARC view: Developmental Reading 1 /
Normal view MARC view ISBD view

Developmental Reading 1 / (Record no. 284347)

[ view plain ]
MARC details
000 -LEADER
fixed length control field 00758nam a22002657a 4500
003 - CONTROL NUMBER IDENTIFIER
control field OSt
005 - DATE AND TIME OF LATEST TRANSACTION
control field 20150525101331.0
008 - FIXED-LENGTH DATA ELEMENTS--GENERAL INFORMATION
fixed length control field 130129t xxu||||| |||| 00| 0 eng d
020 ## - INTERNATIONAL STANDARD BOOK NUMBER
International Standard Book Number 9716856958
050 ## - LIBRARY OF CONGRESS CALL NUMBER
Classification number LB1050.5
Item number .V718 2008
082 ## - DEWEY DECIMAL CLASSIFICATION NUMBER
Classification number FIL 428.4
Item number V71 2008
100 ## - MAIN ENTRY--PERSONAL NAME
Personal name VIllanueva, Aida S.
245 ## - TITLE STATEMENT
Title Developmental Reading 1 /
Statement of responsibility, etc Aida S. Villanueva, Rogelio L. Delos Santos.
260 ## - PUBLICATION, DISTRIBUTION, ETC. (IMPRINT)
Place of publication, distribution, etc Quezon City :
Name of publisher, distributor, etc Lorimar Publishing,
Date of publication, distribution, etc 2008.
300 ## - PHYSICAL DESCRIPTION
Extent vi, 153 pages :
Other physical details illustrations ;
Dimensions 25 cm.
500 ## - GENERAL NOTE
General note Includes bibliographical references.
526 ## - STUDY PROGRAM INFORMATION NOTE
Reading level 1210L-1700L
562 ## - COPY AND VERSION IDENTIFICATION NOTE
Number of copies 3
650 ## - SUBJECT ADDED ENTRY--TOPICAL TERM
Topical term or geographic name as entry element Reading.
700 ## - ADDED ENTRY--PERSONAL NAME
Personal name Delos Santos, Rogelio L.
942 ## - ADDED ENTRY ELEMENTS (KOHA)
Source of classification or shelving scheme Library of Congress Classification
Koha item type Books
Call number prefix Local
Holdings
Withdrawn status Lost status Source of classification or shelving scheme Damaged status Home library Current library Shelving location Date acquired Source of acquisition Total Checkouts Total Renewals Full call number Barcode Date last seen Date checked out Price effective from Koha item type
    Library of Congress Classification   College Library College Library Filipiniana Section 05/25/2015 Library Fund 1 10 LB1050.5 .V718 2008 C19367 05/08/2018 07/20/2015 05/25/2015 Books

Developmental Reading 1 /

APA

VIllanueva A. S., Delos Santos R. L., . (2008). Developmental Reading 1. Quezon City: Lorimar Publishing.

Chicago

VIllanueva Aida S, Delos Santos Rogelio L, . 2008. Developmental Reading 1. Quezon City: Lorimar Publishing.

Harvard

VIllanueva A. S., Delos Santos R. L., . (2008). Developmental Reading 1. Quezon City: Lorimar Publishing.

MLA

VIllanueva Aida S, Delos Santos Rogelio L, . Developmental Reading 1. Quezon City: Lorimar Publishing. 2008.

  • Place hold
  • Print
  • Cite
  • Add to your cart (remove)
  • Save record
    BIBTEX Dublin Core MARCXML MARC (non-Unicode/MARC-8) MARC (Unicode/UTF-8) MARC (Unicode/UTF-8, Standard) MODS (XML) RIS
  • More searches
    Search for this title in:
    Other Libraries (WorldCat) Other Databases (Google Scholar) Online Stores (Bookfinder.com) Open Library (openlibrary.org)

Exporting to Dublin Core...

SOUTHVILLE LIBRARY

Southville International School and Colleges Library

1281 Tropical Ave. Cor. Luxembourg St., BF Homes International, Las Pinas City

Tel. No. 8256374 / 252358 Loc. 117/146

Powered by Koha